<?xml version="1.0" encoding="UTF-8"?>
<resp>
  <nextPage>https://data.bn.org.pl/api/networks/bibs.marcxml?marc=001+b00001150002740&amp;sinceId=1150002741</nextPage>
  <collection>
    <record xmlns='http://www.loc.gov/MARC21/slim'><leader>00973namZa2200313ZiZ4500</leader><controlfield tag='001'>b00001150002740</controlfield><controlfield tag='005'>20241203214410.5</controlfield><controlfield tag='008'>230609s        pl           |000 0 pol c</controlfield><controlfield tag='009'>9913262061205606</controlfield><datafield ind1=' ' ind2=' ' tag='020'><subfield code='a'>8323791724</subfield></datafield><datafield ind1=' ' ind2=' ' tag='035'><subfield code='a'>KR_1KR_1_20120317235917072492-48omnis_kr</subfield></datafield><datafield ind1=' ' ind2=' ' tag='035'><subfield code='a'>KR_1_20120317235917072492</subfield><subfield code='9'>ExL</subfield></datafield><datafield ind1=' ' ind2=' ' tag='035'><subfield code='a'>(PL)b00001150002740</subfield></datafield><datafield ind1=' ' ind2=' ' tag='040'><subfield code='a'>KR_1</subfield><subfield code='c'>KR_1</subfield></datafield><datafield ind1='1' ind2=' ' tag='041'><subfield code='a'>pol</subfield><subfield code='h'>eng</subfield></datafield><datafield ind1='1' ind2=' ' tag='100'><subfield code='a'>Takahashi, Rumiko</subfield><subfield code='d'>(1957- )</subfield></datafield><datafield ind1='1' ind2='0' tag='245'><subfield code='a'>Ranma 1/2.</subfield><subfield code='n'>[T. 9] /</subfield><subfield code='c'>scenariusz i rys. Rumiko Takahashi ; [przekł. Maciej Nowak-Kreyer].</subfield></datafield><datafield ind1=' ' ind2=' ' tag='260'><subfield code='a'>W-wa :</subfield><subfield code='b'>Egmont Polska,</subfield><subfield code='c'>cop. 2006.</subfield></datafield><datafield ind1=' ' ind2=' ' tag='300'><subfield code='a'>178 s. :</subfield><subfield code='b'>rys. ;</subfield><subfield code='c'>18 cm.</subfield></datafield><datafield ind1='1' ind2=' ' tag='490'><subfield code='a'>Klub Mangi</subfield></datafield><datafield ind1=' ' ind2=' ' tag='500'><subfield code='a'>d</subfield></datafield><datafield ind1=' ' ind2='9' tag='650'><subfield code='a'>Komiks.</subfield></datafield><datafield ind1='1' ind2=' ' tag='700'><subfield code='a'>Nowak-Kreyer, Maciej.</subfield><subfield code='e'>Tł.</subfield></datafield><datafield ind1=' ' ind2=' ' tag='852'><subfield code='b'>48OMNIS_NETWORK</subfield><subfield code='8'>9913262061205606</subfield></datafield><datafield ind1=' ' ind2=' ' tag='852'><subfield code='b'>48OMNIS_KR</subfield><subfield code='8'>991000027389708216</subfield></datafield><datafield ind1=' ' ind2=' ' tag='920'><subfield code='a'>83-237-9172-4</subfield></datafield></record>
  </collection>
</resp>
